000 00491cam a2200169 4500
005 20131115084909.0
008 720210s1971 ne 000 0 eng
041 0 _aeng
080 _a341
245 0 0 _aAerial piracy and international law /
_cby Edward McWhinney
260 _aLeiden,
_bSijthoff;
_aDobbs Ferry, N.Y.,
_bOceana Publications,
_c1971.
300 _a213 f.
_c24 cm.
650 0 _aE drejta ndërkombëtare
650 0 _aPiratëria
700 1 _aMcWhinney, Edward.
942 _2udc
_cBK
999 _c332
_d332